Paesi dell'Impero Romano - Statistics

Statistiche generali
  • Questo quiz è stato fatto 49 volte
    47 dall'ultimo reset
  • Il punteggio medio è 46 su 52
Statistiche sulle risposte
Hint Risposta % Corretto
Europa Italia
100%
Europa Austria
98%
Europa Croazia
98%
Africa Egitto
98%
Europa Francia
98%
Europa Germania
98%
Europa Grecia
98%
Europa Slovenia
98%
Europa Svizzera
98%
Africa Algeria
95%
Europa Belgio
95%
Europa Città del Vaticano
95%
Asia Israele
95%
Europa Regno Unito
95%
Europa Spagna
95%
Asia Turchia
95%
Asia Iran
93%
Europa Liechtenstein
93%
Africa Marocco
93%
Europa Paesi Bassi
93%
Europa Romania
93%
Asia Russia
93%
Europa San Marino
93%
Africa Tunisia
93%
Europa Albania
90%
Europa Andorra
90%
Asia Arabia Saudita
90%
Asia Iraq
90%
Europa Kosovo
90%
Asia Libano
90%
Europa Macedonia del Nord
90%
Europa Portogallo
90%
Europa Lussemburgo
88%
Europa Montenegro
88%
Europa Slovacchia
88%
Europa Ucraina
88%
Europa Bulgaria
86%
Africa Libia
86%
Europa Monaco
86%
Europa Serbia
86%
Asia Siria
86%
Europa Ungheria
86%
Europa Ungheria
86%
Asia Cipro
83%
Asia Georgia
83%
Asia Giordania
83%
Europa Moldavia
83%
Europa Repubblica Ceca
81%
Asia Armenia
74%
Asia Azerbaigian
64%
Europa Bosnia Erzegovina
45%
Asia Palestina
45%
Nessun quiz corrispondente trovato
Distribuzione punteggi
Percentuale di utenti per punteggio
Percentile per numero di risposta
I tuoi punteggi nel tempo
Non hai fatto questo quiz dall'ultimo reset